000 00984nam a22002775i 4500
001 17273
003 ES-MaACL
005 20260113171712.0
007 t|
008 010124s1994 sp ||||0| spa
020 _a84-259-0969-4
080 _a1:32 Arendt, Hannah
245 0 0 _aEn torno a Hannah Arendt /
_cAntich ... [et al.] ; compilación y dirección, Manuel Cruz y Fina Birulés.
260 _aMadrid :
_bCentro de Estudios Constitucionales,
_c1994.
300 _a251 p. ;
_c21 cm.
490 1 _aEl derecho y la justicia ;
_v40
504 _aBibliografía: p. 231-249.
600 1 4 _aArendt, Hannah,
_d1906-1975-
_xCrítica e interpretación
_922615
700 1 _aAntich, Xavier.
_921893
700 1 _aCruz Rodríguez, Manuel.
_941845
700 1 _aBirulés Bertrán, Josefina.
_928992
710 2 _aCentro de Estudios Constitucionales (España)
_92618
830 1 _aEl derecho y la justicia ;
_v40
_9178339
852 _aES-MaACL
_jL-24132
999 _c17273
_d17273